000 005930000a22002290004500
082 _aN923.5
_bT565m
_cN
518 _a20091113
100 _aThapa, Rajeshwar
245 _aMahasamar nayak karnel Ujir Simha Thapa 'Nepali mataka ek bir saputko utsarg katha
020 _a978-99946-2-9695
260 _aKathmandu
_bAbhiman Prakashan
260 _c2064 B.S.
300 _a146p.
041 _aNep
365 _bRs.150.00
653 _aBiographies
650 _aMilitary persons
650 _aHistory
651 _aNepal
654 _aThapa, Ujir Simha
942 _cGeneral Collection
999 _c52560
_d52556